<?xml version="1.0" encoding="UTF-8"?>
<record
    xmlns:xsi="http://www.w3.org/2001/XMLSchema-instance"
    xsi:schemaLocation="http://www.loc.gov/MARC21/slim http://www.loc.gov/standards/marcxml/schema/MARC21slim.xsd"
    xmlns="http://www.loc.gov/MARC21/slim">

  <leader>00787nam a2200217 a 4500</leader>
  <controlfield tag="001">1319</controlfield>
  <controlfield tag="003">BR-CuiBMT</controlfield>
  <controlfield tag="005">20231205002659.0</controlfield>
  <controlfield tag="008">231205b2010    dfba          000 0 por d</controlfield>
  <datafield tag="040" ind1=" " ind2=" ">
    <subfield code="c">BR-CuiBMT</subfield>
    <subfield code="a">BR-CuiBMT</subfield>
  </datafield>
  <datafield tag="080" ind1=" " ind2=" ">
    <subfield code="a">341.462.1</subfield>
    <subfield code="x">(81)</subfield>
    <subfield code="2">2007</subfield>
  </datafield>
  <datafield tag="090" ind1=" " ind2=" ">
    <subfield code="a">341.462.1(81)</subfield>
    <subfield code="b">A168</subfield>
  </datafield>
  <datafield tag="245" ind1="0" ind2="0">
    <subfield code="a">A&#xE7;&#xE3;o do Senado na diplomacia brasileira :</subfield>
    <subfield code="b">colet&#xE2;nea de indica&#xE7;&#xF5;es de embaixadores, 2009-2010 /</subfield>
    <subfield code="c">Comiss&#xE3;o de Rela&#xE7;&#xF5;es Exteriores e Defesa Nacional.</subfield>
  </datafield>
  <datafield tag="260" ind1=" " ind2=" ">
    <subfield code="a">Bras&#xED;lia :</subfield>
    <subfield code="b">Senado Federal,</subfield>
    <subfield code="c">[2010].</subfield>
  </datafield>
  <datafield tag="300" ind1=" " ind2=" ">
    <subfield code="a"> v. :</subfield>
    <subfield code="b">il. ;</subfield>
    <subfield code="c">30 cm</subfield>
  </datafield>
  <datafield tag="500" ind1=" " ind2=" ">
    <subfield code="a">Inclui &#xED;ndice.</subfield>
  </datafield>
  <datafield tag="650" ind1=" " ind2=" ">
    <subfield code="a">Diplomacia </subfield>
    <subfield code="z">Brasil</subfield>
  </datafield>
  <datafield tag="650" ind1=" " ind2=" ">
    <subfield code="a">Rela&#xE7;&#xF5;es internacionais</subfield>
    <subfield code="z">Brasil</subfield>
  </datafield>
  <datafield tag="710" ind1="1" ind2=" ">
    <subfield code="a">Brasil. </subfield>
    <subfield code="b">Senado Federal.</subfield>
    <subfield code="b">Comiss&#xE3;o de Rela&#xE7;&#xF5;es Exteriores e Defesa Nacional. </subfield>
  </datafield>
  <datafield tag="942" ind1=" " ind2=" ">
    <subfield code="2">udc</subfield>
    <subfield code="c">LV</subfield>
  </datafield>
  <datafield tag="952" ind1=" " ind2=" ">
    <subfield code="0">0</subfield>
    <subfield code="1">0</subfield>
    <subfield code="2">udc</subfield>
    <subfield code="4">0</subfield>
    <subfield code="7">0</subfield>
    <subfield code="a">BIBTCEMT</subfield>
    <subfield code="b">BIBTCEMT</subfield>
    <subfield code="d">2023-12-05</subfield>
    <subfield code="h">v. 1</subfield>
    <subfield code="l">0</subfield>
    <subfield code="o">341.462.1(81) A168 </subfield>
    <subfield code="p">BIBTCEMT23120162</subfield>
    <subfield code="r">2023-12-05</subfield>
    <subfield code="t">Ex. 1</subfield>
    <subfield code="w">2023-12-05</subfield>
    <subfield code="y">LV</subfield>
  </datafield>
  <datafield tag="999" ind1=" " ind2=" ">
    <subfield code="c">1319</subfield>
    <subfield code="d">1319</subfield>
  </datafield>
</record>
